<?xml version="1.0" encoding="UTF-8"?>
<record
    xmlns:xsi="http://www.w3.org/2001/XMLSchema-instance"
    xsi:schemaLocation="http://www.loc.gov/MARC21/slim http://www.loc.gov/standards/marcxml/schema/MARC21slim.xsd"
    xmlns="http://www.loc.gov/MARC21/slim">

  <leader>00781nam a2200181 i 4500</leader>
  <controlfield tag="001">184852</controlfield>
  <controlfield tag="003">ES-MaACL</controlfield>
  <controlfield tag="005">20250812082610.0</controlfield>
  <controlfield tag="008">160205s1882    po a         |||| | por d</controlfield>
  <datafield tag="111" ind1="2" ind2=" ">
    <subfield code="a">Exposi&#xE7;&#xE3;o Retrospectiva de Arte Ornamental Portugueza e Hespanhola (</subfield>
    <subfield code="d">1882. </subfield>
    <subfield code="c">Lisboa)</subfield>
    <subfield code="9">135158</subfield>
  </datafield>
  <datafield tag="245" ind1="1" ind2="0">
    <subfield code="a">Catalogo illustrado da Exposi&#xE7;ao retrospectiva de Arte ornamental portugueza e hespanhola celebrada em Lisboa em 1882.</subfield>
  </datafield>
  <datafield tag="260" ind1=" " ind2=" ">
    <subfield code="a">Lisboa : </subfield>
    <subfield code="b">[s.n.], </subfield>
    <subfield code="c">1882 (</subfield>
    <subfield code="f">Imp. Nacional)</subfield>
  </datafield>
  <datafield tag="300" ind1=" " ind2=" ">
    <subfield code="a">1 vol. ; </subfield>
    <subfield code="c">23 cm.</subfield>
  </datafield>
  <datafield tag="505" ind1="8" ind2=" ">
    <subfield code="a">Contiene con numeraci&#xF3;n facticia [I]. Texto.- XVI + 350 p&#xE1;g</subfield>
  </datafield>
  <datafield tag="650" ind1=" " ind2="7">
    <subfield code="a">Artes decorativas</subfield>
    <subfield code="2">embne</subfield>
    <subfield code="9">135625</subfield>
  </datafield>
  <datafield tag="852" ind1=" " ind2=" ">
    <subfield code="a">ES-MaACL</subfield>
    <subfield code="j">G-8707 </subfield>
    <subfield code="z">.- Donat. Jos&#xE9; Ram&#xF3;n M&#xE9;lida, en anotaci&#xF3;n manuscrita</subfield>
  </datafield>
  <datafield tag="999" ind1=" " ind2=" ">
    <subfield code="c">184852</subfield>
    <subfield code="d">184852</subfield>
  </datafield>
  <datafield tag="952" ind1=" " ind2=" ">
    <subfield code="0">0</subfield>
    <subfield code="1">0</subfield>
    <subfield code="4">0</subfield>
    <subfield code="7">0</subfield>
    <subfield code="8">LIBXIX</subfield>
    <subfield code="a">ATENEOM</subfield>
    <subfield code="b">ATENEOM</subfield>
    <subfield code="c">SPP3</subfield>
    <subfield code="d">2016-02-05</subfield>
    <subfield code="e">SC</subfield>
    <subfield code="l">0</subfield>
    <subfield code="o">G-8707</subfield>
    <subfield code="p">1194680</subfield>
    <subfield code="r">2023-02-23 00:00:00</subfield>
    <subfield code="w">2023-02-23</subfield>
    <subfield code="y">MONANT</subfield>
  </datafield>
</record>
